• 首页
  • 本馆介绍
  • 公告通知
  • 最新文献
  • 馆藏检索
  • 电子资源
  • 读者导购
  • 参考咨询
  • 我的图书馆
  • 登录
  • 详细信息显示
  • 放入我的书架
  • 预约/预借图书
  • 作者相关作品
  • 分类相关作品
  • 丛书相关作品
  • 出版社相关作品

书目信息

  • 表格格式
  • 工作单格式
  • 卡片格式
题名:
电力线路防护规程
    
 
作者: ;水利电力部 颁布
分册:  
出版信息: 北京   水利电力出版社  1976
页数: 6页
开本: 19cm
丛书名:
单 册:
中图分类: TM773-65
科图分类:
主题词: 输配电线路-继电保护--规程--中国 , 继电保护-输配电线路--规程--中国
电子资源:
ISBN: 15143.3241
000 00711nam0 2200241 450
001 0176004896
005 20100712215211.0
010    @a15143.3241@dCNY0.04
091    @a15143.3241
100    @a19961005d1976 em y0chiy0110 ea
101 0  @achi
102    @aCN@b110000
105    @ay zl 000yy
106    @ar
200 1  @a电力线路防护规程@9Dian Li Xian Lu Fang Hu Gui Cheng @e试行@f水利电力部颁布
210    @a北京@c水利电力出版社@d1976
215    @a6页@d19cm
606 0  @a输配电线路-继电保护@x规程@y中国
606 0  @a继电保护-输配电线路@x规程@y中国
690    @aTM773-65@v3
711 02 @a水利电力部@9shui li dian li bu@4颁布
801  0 @aCN@bAzMarc@c20130904
905    @aBZT@dTM773-65@e1@f4@sTM773-65/1
    
    电力线路防护规程:试行/水利电力部颁布.-北京:水利电力出版社,1976
    6页;19cm
    
    
    ISBN 15143.3241:CNY0.04
    
●
相关链接 在五车中查询图书 在当当中查询图书 在豆瓣中查询图书


正题名:电力线路防护规程     索取号:TM773-65/1         预约/预借

序号 登录号 条形码 馆藏地/架位号 状态 备注
1 2000038396   2000038396   旧书回溯/ [索取号:TM773-65/1] 在馆    
2 2000038397   2000038397   旧书回溯/ [索取号:TM773-65/1] 在馆    
3 2000038398   2000038398   旧书回溯/ [索取号:TM773-65/1] 在馆    
4 2000038399   2000038399   旧书回溯/ [索取号:TM773-65/1] 在馆    
山东省滨州职业学院图书馆 欢迎您!
大连网信软件有限公司© 版权所有